000 00744nam a2200289Ia 4500
005 20260324124537.0
008 008 260324s9999 xx 000 0 eng d
020 _a9780429132681
037 _aEBOOK
040 _aCRL
040 _beng
040 _cCRL
041 _2eng
041 _aeng
084 _qCRL
100 _aHui Li; Shanna Knights; Zheng Shi; John W. Van Zee; Jiujun Zhang
_91174566
245 0 _aProton Exchange Membrane Fuel Cells
245 0 _bContamination and Mitigation Strategies
260 _bTaylor and Francis
260 _c2010
365 _a
365 _b385
856 _uhttp://www.taylorfrancis.com/books/9780429132681
942 _cEBOOK
999 _c1769024
_d1769024